Formularios a la nueva ley de arrendamientos urbanos (Record no. 12544)

MARC details
000 -LEADER
campo de control de longitud fija 00944nam a2200229 i 4500
001 - NÚMERO DE CONTROL
campo de control 12544
003 - IDENTIFICADOR DE NÚMERO DE CONTROL
campo de control ES-MaACL
005 - FECHA Y HORA DE LA ÚLTIMA TRANSACCIÓN
campo de control 20230906150335.0
007 - CAMPO FIJO DE DESCRIPCIÓN FÍSICA--INFORMACIÓN GENERAL
campo de control de longitud fija t|
008 - DATOS DE LONGITUD FIJA--INFORMACIÓN GENERAL
campo de control de longitud fija 960904s1996 sp l |||| | spa j
020 ## - NÚMERO INTERNACIONAL ESTÁNDAR DEL LIBRO
Número Internacional Estándar del Libro 84-8151-253-2
080 ## - NÚMERO DE LA CLASIFICACIÓN DECIMAL UNIVERSAL
Número de la Clasificación Decimal Universal 347.453.3/.4(460)(083.2)
100 1# - ENTRADA PRINCIPAL--NOMBRE DE PERSONA
Nombre de persona Rocha García, Ernesto de la.
9 (RLIN) 98053
245 10 - MENCIÓN DEL TÍTULO
Título Formularios a la nueva ley de arrendamientos urbanos
Resto del título : fórmulas transaccionales para evitar litigios, 47 modelos de las actuaciones a promover cuando no se logre evitarlos y 169 notificaciones, comunicaciones y requerimientos que la ley impone /
Mención de responsabilidad, etc. Ernesto de la Rocha García.
260 ## - PUBLICACIÓN, DISTRIBUCIÓN, ETC.
Lugar de publicación, distribución, etc. Granada :
Nombre del editor, distribuidor, etc. Comares,
Fecha de publicación, distribución, etc. 1996.
300 ## - DESCRIPCIÓN FÍSICA
Extensión 303 p. ;
Dimensiones 22 cm.
490 1# - MENCIÓN DE SERIE
Mención de serie Biblioteca Comares de ciencia jurídica
650 #4 - PUNTO DE ACCESO ADICIONAL DE MATERIA--TÉRMINO DE MATERIA
Término de materia o nombre geográfico como elemento de entrada Arrendamiento urbano-
Subdivisión geográfica España-
Subdivisión de forma Formularios.
9 (RLIN) 10064
830 0# - PUNTO DE ACCESO ADICIONAL DE SERIE-TÍTULO UNIFORME
Título uniforme Biblioteca Comares de ciencia jurídica
9 (RLIN) 179318
852 ## - LOCALIZACIÓN
Ubicación ES-MaACL
Número de control de estantería L-19893
Holdings
Estatus retirado Estado de pérdida Estado de daño No para préstamo Biblioteca de origen Biblioteca actual Ubicación en estantería Fecha de adquisición Fuente de adquisición Total de préstamos Signatura topográfica completa Código de barras Visto por última vez Precio de reemplazo Tipo de ítem Koha
        Biblioteca del Ateneo de Madrid Biblioteca del Ateneo de Madrid Depósito 2 17/01/2008     L-19893 1012780 23/02/2023 23/02/2023 Libro impreso